[Event "22nd European Teams"]
[Site "Batumi GEO"]
[Date "2019.10.24"]
[Round "1.2"]
[Board "1"]
[White "Dragnev, Valentin"]
[Black "Adams, Michael"]
[Result "1/2-1/2"]
[WhiteTitle "GM"]
[BlackTitle "GM"]
[WhiteElo "2550"]
[BlackElo "2694"]
[WhiteTeam "Austria"]
[BlackTeam "England"]
[WhiteFideId "1634852"]
[BlackFideId "400041"]
[EventDate "2019.10.24"]

1. d4 Nf6 2. c4 e6 3. Nf3 d5 4. g3 dxc4 5. Bg2 c5 6. O-O Nc6 7. Ne5 Bd7 8. Na3
cxd4 9. Naxc4 Be7 10. Bf4 Rc8 11. Nxd7 Qxd7 12. Ne5 Nxe5 13. Bxe5 b6 14. Qxd4
Qxd4 15. Bxd4 Bc5 16. Bc3 Ke7 17. Rfd1 Rhd8 18. e3 g6 19. a3 Rxd1+ 20. Rxd1 Nd7
21. Kf1 Rc7 22. Rc1 Bd6 23. f4 Nc5 24. Bd4 Rd7 25. Rc2 Nb3 26. Bc3 Rc7 27. Bf3
Na1 28. Rc1 Nb3 29. Rc2 Na1 30. Rd2 Nb3 31. Rc2 1/2-1/2

[Event "22nd European Teams"]
[Site "Batumi GEO"]
[Date "2019.10.24"]
[Round "1.2"]
[Board "2"]
[White "Howell, David W L"]
[Black "Blohberger, Felix"]
[Result "1/2-1/2"]
[WhiteTitle "GM"]
[BlackTitle "IM"]
[WhiteElo "2694"]
[BlackElo "2448"]
[WhiteTeam "England"]
[BlackTeam "Austria"]
[WhiteFideId "410608"]
[BlackFideId "1632051"]
[EventDate "2019.10.24"]

1. Nf3 d5 2. c4 d4 3. b4 c5 4. g3 cxb4 5. a3 bxa3 6. Bg2 Nc6 7. O-O e5 8. d3 Bd6
9. Qa4 Ne7 10. Nbd2 Bf5 11. Bxa3 O-O 12. Rfb1 Rb8 13. Ne1 Bxa3 14. Qxa3 Qc7 15.
Nc2 b6 16. Ne4 Rfd8 17. Rb5 Bc8 18. Rab1 a6 19. R5b2 h6 20. Qa4 b5 21. cxb5 axb5
22. Rxb5 Bg4 23. Kf1 Ra8 24. Qb3 Rdb8 25. Na3 Be6 26. Qc2 Qa7 27. Rxb8+ Rxb8 28.
Nb5 Qa2 29. Qc1 Qa5 30. Ned6 Qb6 31. h4 Bd5 32. Bxd5 Nxd5 33. Qc4 Nce7 34. Rc1
Qd8 35. Qc5 Qd7 36. Ra1 Qh3+ 37. Kg1 Ne3 38. fxe3 Qxg3+ 39. Kh1 Qh3+ 40. Kg1
Qg3+ 41. Kh1 Qh3+ 42. Kg1 Qg3+ 1/2-1/2

[Event "22nd European Teams"]
[Site "Batumi GEO"]
[Date "2019.10.24"]
[Round "1.2"]
[Board "3"]
[White "Shengelia, David"]
[Black "Jones, Gawain C B"]
[Result "1-0"]
[WhiteTitle "GM"]
[BlackTitle "GM"]
[WhiteElo "2531"]
[BlackElo "2688"]
[WhiteTeam "Austria"]
[BlackTeam "England"]
[WhiteFideId "13601270"]
[BlackFideId "409561"]
[EventDate "2019.10.24"]

1. d4 Nf6 2. c4 g6 3. g3 c6 4. Nf3 Bg7 5. Bg2 d5 6. O-O O-O 7. Qb3 Qb6 8. Nc3
Rd8 9. Bd2 Bf5 10. Na4 Qxb3 11. axb3 Na6 12. Rfc1 Ne8 13. Ba5 Rdc8 14. e3 Be4
15. Be1 Nd6 16. Nc3 Bxf3 17. Bxf3 dxc4 18. bxc4 Nxc4 19. Be2 Nb6 20. Bxa6 bxa6
21. Ne4 e5 22. dxe5 Bxe5 23. Bc3 Bxc3 24. Rxc3 Nd5 25. Rc4 Rab8 26. Rxa6 Rxb2
27. Rxa7 Rd8 28. Rd4 Rb4 29. Rxb4 Nxb4 30. Ng5 Rf8 31. Rc7 h6 32. Nf3 Re8 33.
Nd4 h5 34. Kg2 Kf8 35. Nxc6 Nxc6 36. Rxc6 Ra8 37. Rc2 Ra4 38. f4 Ke7 39. Kf3 Ra1
40. e4 Ra3+ 41. Kg2 Ra4 42. e5 h4 43. Kh3 hxg3 44. hxg3 Ra1 45. Kg4 Rg1 46. Rc7+
Ke6 47. Rc6+ Ke7 48. Ra6 Rh1 49. Ra7+ Ke6 50. Ra2 Ke7 51. Ra6 Rg1 52. Ra7+ Ke6
53. Ra6+ Ke7 54. Ra3 Ke6 55. Kg5 Rh1 56. Ra6+ Ke7 57. Ra7+ Ke6 58. Ra6+ Ke7 59.
g4 Rb1 60. Ra7+ Ke8 61. Kf6 Rb4 62. Ra8+ Kd7 63. f5 Rf4 64. Ra7+ Ke8 65. Re7+
Kd8 66. Rxf7 Rxg4 67. fxg6 Ke8 68. Re7+ Kd8 69. Ra7 1-0

[Event "22nd European Teams"]
[Site "Batumi GEO"]
[Date "2019.10.24"]
[Round "1.2"]
[Board "4"]
[White "Pert, Nicholas"]
[Black "Schreiner, Peter"]
[Result "1-0"]
[WhiteTitle "GM"]
[BlackTitle "IM"]
[WhiteElo "2557"]
[BlackElo "2464"]
[WhiteTeam "England"]
[BlackTeam "Austria"]
[WhiteFideId "403989"]
[BlackFideId "1621645"]
[EventDate "2019.10.24"]

1. d4 Nf6 2. c4 g6 3. Nc3 d5 4. cxd5 Nxd5 5. e4 Nxc3 6. bxc3 Bg7 7. Bb5+ c6 8.
Ba4 O-O 9. Ne2 c5 10. O-O Nd7 11. Be3 cxd4 12. cxd4 e6 13. Qd2 Nf6 14. e5 Nd5
15. Bg5 f6 16. exf6 Bxf6 17. Bxf6 Qxf6 18. Rab1 b6 19. Bc6 Rb8 20. Qd3 Bb7 21.
Bxb7 Rxb7 22. Rbc1 Nf4 23. Nxf4 Qxf4 24. Rce1 Rd7 25. Re4 Qf5 26. Qe3 Qd5 27. a3
b5 28. Re1 a5 29. h3 b4 30. axb4 axb4 31. Rxe6 Qxd4 32. Rb6 Qxe3 33. fxe3 Rd2
34. Rxb4 Rff2 35. Rg4 Rfe2 36. Rxe2 Rxe2 37. Re4 Kf7 38. Kh2 g5 39. Kg3 h6 40.
Kf3 Ra2 41. Rb4 Ra6 42. Rb5 Kg6 43. Ke4 Ra4+ 44. Kf3 Ra6 45. Rd5 Rf6+ 46. Ke2
Ra6 47. e4 Kf6 48. Ke3 Ke6 49. Rc5 Kd6 50. Rb5 Ke6 51. Kf3 Kf6 52. Rf5+ Kg6 53.
Rd5 Kf6 54. Ke3 Ke6 55. Rc5 Kd6 56. Rc8 Ra3+ 57. Kd4 Ra4+ 58. Rc4 Ra2 59. e5+
Kd7 60. g4 Ra3 61. Rc3 Ra4+ 62. Kd5 Ra6 63. Rb3 Ra7 64. Ke4 Ke7 65. Kf5 Kf7 66.
Rd3 Kg7 67. Rb3 Rc7 68. Ke6 Ra7 69. Rc3 Kg6 70. Kd6 Ra2 71. e6 Rd2+ 72. Ke7 h5
73. gxh5+ Kxh5 74. Kf7 Rf2+ 75. Ke8 Kg6 76. e7 Rd2 77. Kf8 Rf2+ 78. Kg8 Re2 79.
Rc6+ 1-0

[Event "22nd European Teams"]
[Site "Batumi GEO"]
[Date "2019.10.24"]
[Round "1.3"]
[Board "2"]
[White "Zhigalko, Sergei"]
[Black "Piorun, Kacper"]
[Result "1/2-1/2"]
[WhiteTitle "GM"]
[BlackTitle "GM"]
[WhiteElo "2574"]
[BlackElo "2643"]
[WhiteTeam "Belarus"]
[BlackTeam "Poland"]
[WhiteFideId "13502956"]
[BlackFideId "1130420"]
[EventDate "2019.10.24"]

1. e4 e5 2. Nf3 Nc6 3. Bb5 Nf6 4. d3 Bc5 5. Bxc6 dxc6 6. Nbd2 Bg4 7. h3 Bh5 8.
Nb3 Bd6 9. g4 Bg6 10. Nh4 Nd7 11. Nf5 Bf8 12. Be3 f6 13. h4 h5 14. Ng3 hxg4 15.
Qxg4 Bf7 16. h5 Qe7 17. Nf5 Qe6 18. Qxg7 Rxh5 19. Rxh5 Bxh5 20. Qh8 Qf7 21. Ng7+
Qxg7 22. Qxh5+ Qf7 23. Qf5 Bd6 24. Ke2 O-O-O 25. Rh1 Rg8 26. Rh7 Rg7 27. Rh8+
Rg8 28. Rh7 Rg7 29. Rh8+ Rg8 30. Qh7 Qxh7 31. Rxh7 Nf8 32. Rf7 Rg6 33. Na5 Ne6
34. Nc4 Bf8 35. c3 c5 36. Rh7 b6 37. Nd2 Kd8 38. Nf3 Ke8 39. Kf1 Rg7 40. Rh5 Rd7
41. Ke2 Kf7 42. Rh1 Rd8 43. Nh4 b5 44. Nf5 a5 45. Rh7+ 1/2-1/2

[Event "22nd European Teams"]
[Site "Batumi GEO"]
[Date "2019.10.24"]
[Round "1.3"]
[Board "3"]
[White "Tomczak, Jacek"]
[Black "Stupak, Kirill"]
[Result "1/2-1/2"]
[WhiteTitle "GM"]
[BlackTitle "GM"]
[WhiteElo "2625"]
[BlackElo "2551"]
[WhiteTeam "Poland"]
[BlackTeam "Belarus"]
[WhiteFideId "1124668"]
[BlackFideId "13503758"]
[EventDate "2019.10.24"]

1. e4 e6 2. d4 d5 3. Nc3 Bb4 4. e5 c5 5. a3 Ba5 6. b4 cxd4 7. Qg4 Kf8 8. Qxd4
Bc7 9. Nb5 Ne7 10. Nxc7 Qxc7 11. Nf3 Nd7 12. Bb2 Nb6 13. a4 Bd7 14. b5 Rc8 15.
Bd3 Nc4 16. O-O a6 17. bxa6 bxa6 18. Bc3 Kg8 19. Rfb1 h6 20. Rb3 Bc6 21. h4 Qd7
22. Bxc4 Nf5 23. Qd3 dxc4 24. Qxd7 Bxd7 25. Rb6 Ra8 26. a5 Kh7 27. Bb4 h5 28. g3
Kg6 29. Ng5 Rhc8 30. Rb7 Be8 31. c3 Rab8 32. Rb6 Ra8 33. Ne4 Bc6 34. Nc5 Bb5 35.
Rd1 Rc7 36. Ne4 Kh7 37. Bd6 Rd7 38. Nc5 Rdd8 39. Rb1 Ra7 40. Kf1 Rc8 41. Ne4 Kg6
42. Bb4 Rd8 43. Nd6 Nxd6 44. Bxd6 Kf5 45. Re1 Rad7 46. Re3 Kg6 47. Re4 f6 48.
Rf4 Kf7 49. Ke2 Kg6 50. Kf1 Rc8 51. Ke1 Re8 52. Ke2 Red8 53. Ke3 Kf7 54. Kd2 Kg6
55. Ke3 Kf7 56. Ke2 1/2-1/2

[Event "22nd European Teams"]
[Site "Batumi GEO"]
[Date "2019.10.24"]
[Round "1.3"]
[Board "4"]
[White "Nikitenko, Mihail"]
[Black "Dragun, Kamil"]
[Result "0-1"]
[WhiteTitle "IM"]
[BlackTitle "GM"]
[WhiteElo "2423"]
[BlackElo "2584"]
[WhiteTeam "Belarus"]
[BlackTeam "Poland"]
[WhiteFideId "13506862"]
[BlackFideId "1134167"]
[EventDate "2019.10.24"]

1. c4 c5 2. Nc3 Nf6 3. e4 Nc6 4. Nge2 e6 5. d4 cxd4 6. Nxd4 Bb4 7. Nxc6 bxc6 8.
Bd3 e5 9. O-O O-O 10. Qe2 Bc5 11. Na4 Bd4 12. Be3 Bxe3 13. Qxe3 d6 14. b4 Be6
15. Rfd1 Qc7 16. a3 Rfd8 17. h3 Nh5 18. Bf1 Nf4 19. g3 Ng6 20. Rac1 Qe7 21. Bg2
Rac8 22. Rd2 f6 23. h4 Nf8 24. Nb2 Bf7 25. c5 dxc5 26. Rxd8 Qxd8 27. Bh3 Be6 28.
Bxe6+ Nxe6 29. Qb3 Qd7 30. Nd3 Qf7 31. Nxc5 Nd4 32. Qc4 Kf8 33. Kg2 Qxc4 34.
Rxc4 Ke7 35. f3 h5 36. Kf2 Rb8 37. Nd3 a5 38. f4 axb4 39. axb4 Kd6 40. Rc5 Rxb4
41. Ra5 Rb5 42. Ra4 Rb3 43. Ke3 Ne6 44. Ra5 Nc5 0-1

[Event "22nd European Teams"]
[Site "Batumi GEO"]
[Date "2019.10.24"]
[Round "1.4"]
[Board "4"]
[White "Guseinov, Gadir"]
[Black "Ivic, Velimir"]
[Result "1-0"]
[WhiteTitle "GM"]
[BlackTitle "IM"]
[WhiteElo "2660"]
[BlackElo "2525"]
[WhiteTeam "Azerbaijan"]
[BlackTeam "Serbia"]
[WhiteFideId "13401378"]
[BlackFideId "950122"]
[EventDate "2019.10.24"]

1. e4 c5 2. Nc3 Nc6 3. Bb5 Nd4 4. Nf3 a6 5. Bd3 g6 6. Rb1 Nc6 7. a3 d6 8. b4 Nf6
9. bxc5 dxc5 10. Bb2 b5 11. e5 Nd5 12. Nxd5 Qxd5 13. Ng5 Be6 14. Be4 Qd7 15. Qf3
Rc8 16. Nxf7 Rg8 17. Ng5 Bf5 18. e6 Bxe6 19. Nxe6 Qxe6 20. O-O Ne5 21. Bxe5 Qxe5
22. Bd5 Rh8 23. Rfe1 Qf5 24. Qxf5 gxf5 25. Bb7 Rd8 26. Bxa6 Rxd2 27. Bxb5+ Kd8
28. Bd3 Bg7 29. Bxf5 Bd4 30. Rb8+ Kc7 31. Rxh8 Bxh8 32. Rxe7+ Kc6 33. g4 Bd4 34.
Be4+ Kd6 35. Rf7 1-0

[Event "22nd European Teams"]
[Site "Batumi GEO"]
[Date "2019.10.24"]
[Round "1.5"]
[Board "1"]
[White "Sargissian, Gabriel"]
[Black "Tari, Aryan"]
[Result "1-0"]
[WhiteTitle "GM"]
[BlackTitle "GM"]
[WhiteElo "2690"]
[BlackElo "2630"]
[WhiteTeam "Armenia"]
[BlackTeam "Norway"]
[WhiteFideId "13300881"]
[BlackFideId "1510045"]
[EventDate "2019.10.24"]

1. d4 Nf6 2. c4 g6 3. Nc3 d5 4. Nf3 Bg7 5. cxd5 Nxd5 6. e4 Nxc3 7. bxc3 c5 8.
Be3 Qa5 9. Qd2 O-O 10. Rc1 Rd8 11. Be2 Nc6 12. d5 e6 13. O-O exd5 14. exd5 Bg4
15. Rfd1 Bxf3 16. Bxf3 Ne5 17. c4 Nxf3+ 18. gxf3 Qa3 19. Qc2 Rd7 20. Kg2 Rc8 21.
Rb1 Qa6 22. Bf4 Bd4 23. a4 Qf6 24. Bg3 h5 25. h4 Re8 26. Re1 Rde7 27. Qd2 Bc3
28. Rxe7 Rxe7 29. Qg5 Qxg5 30. hxg5 b6 31. Rb3 Bd2 32. f4 Re4 33. Rd3 Rd4 34.
Rxd4 cxd4 35. Kf3 Bb4 36. Ke4 Bc5 37. f3 Kf8 38. Bf2 Ke8 39. Bxd4 Bb4 40. f5 Bd2
41. f4 Bb4 42. f6 Bd2 43. Be3 Be1 44. Kf3 Kd7 45. c5 bxc5 46. Bxc5 a5 47. f5 Bb4
48. fxg6 fxg6 49. Bf2 Bd2 50. Be3 Be1 51. Ke2 Bb4 52. Bd2 h4 53. Bf4 Bc3 54. Kf3
Bb4 55. Kg4 Be1 56. Be5 Bf2 57. Bc3 Bb6 58. Kxh4 Kd6 59. Kg4 Kxd5 1-0

[Event "22nd European Teams"]
[Site "Batumi GEO"]
[Date "2019.10.24"]
[Round "1.5"]
[Board "2"]
[White "Salomon, Johan"]
[Black "Melkumyan, Hrant"]
[Result "1/2-1/2"]
[WhiteTitle "GM"]
[BlackTitle "GM"]
[WhiteElo "2507"]
[BlackElo "2650"]
[WhiteTeam "Norway"]
[BlackTeam "Armenia"]
[WhiteFideId "1509500"]
[BlackFideId "13302485"]
[EventDate "2019.10.24"]

1. c4 e5 2. Nc3 Nf6 3. Nf3 Nc6 4. e3 g6 5. d4 d6 6. Be2 Bg7 7. dxe5 Nxe5 8. Nxe5
dxe5 9. Qxd8+ Kxd8 10. b3 Be6 11. Ba3 Kc8 12. O-O-O Re8 13. Rd2 Bf8 14. Bxf8
Rxf8 15. Bf3 c6 16. h4 h6 17. Ne4 Nd7 18. g4 Kc7 19. g5 Rh8 20. Rdd1 a5 21. Kb2
Raf8 22. Rdg1 hxg5 23. hxg5 Bf5 24. Ng3 Nc5 25. Kc3 Rd8 26. Nxf5 gxf5 27. Rxh8
Rxh8 28. g6 fxg6 29. Rxg6 Kd7 30. Rg2 Ke7 31. a3 Kf6 32. b4 axb4+ 33. axb4 Ne6
34. Bd1 Ng5 35. Bc2 Rh3 36. Kd2 f4 37. exf4 exf4 38. Rg4 Nf3+ 39. Ke2 Nd4+ 40.
Kd2 Nxc2 41. Kxc2 Rf3 42. c5 Rxf2+ 43. Kd3 Rf3+ 44. Ke4 Re3+ 45. Kxf4 Rb3 46.
Rg8 Rxb4+ 47. Ke3 Ke5 48. Rg5+ Kf6 49. Rg8 Kf7 50. Rh8 Ke6 51. Kd3 Rf4 52. Rb8
Rf7 53. Kc4 Rh7 54. Kd4 Re7 55. Kc4 Ke5 56. Rd8 Kf4 57. Rb8 Kf3 58. Rd8 Re1 59.
Rd7 Rc1+ 60. Kb3 Rb1+ 61. Kc4 Ke3 62. Rd3+ Ke2 63. Rd7 Kf3 64. Re7 Kf4 65. Rd7
Ke3 66. Rd3+ Ke4 67. Rd7 Rc1+ 68. Kb3 Ke3 69. Re7+ Kd3 70. Rd7+ Ke3 71. Re7+ Kd4
72. Kb2 Rxc5 73. Rxb7 Kd3 74. Rh7 Rd5 75. Rh3+ Kc4 76. Kc2 Rd4 77. Rg3 c5 78.
Rh3 Rg4 79. Rc3+ Kb5 80. Rh3 Kc4 1/2-1/2

[Event "22nd European Teams"]
[Site "Batumi GEO"]
[Date "2019.10.24"]
[Round "1.5"]
[Board "3"]
[White "Martirosyan, Haik M."]
[Black "Notkevich, Benjamin Arvola"]
[Result "1-0"]
[WhiteTitle "GM"]
[BlackTitle "GM"]
[WhiteElo "2607"]
[BlackElo "2494"]
[WhiteTeam "Armenia"]
[BlackTeam "Norway"]
[WhiteFideId "13306553"]
[BlackFideId "1506536"]
[EventDate "2019.10.24"]

1. d4 Nf6 2. Nf3 e6 3. c4 d5 4. Nc3 c5 5. cxd5 Nxd5 6. e4 Nxc3 7. bxc3 cxd4 8.
cxd4 Bb4+ 9. Bd2 Bxd2+ 10. Qxd2 O-O 11. Bc4 Nd7 12. O-O b6 13. Rad1 Bb7 14. Rfe1
Rc8 15. Bb3 Re8 16. h3 Nf6 17. Qf4 Qc7 18. Qh4 h6 19. d5 exd5 20. e5 Ne4 21.
Bxd5 Bxd5 22. Rxd5 Nc3 23. Rd4 Nxa2 24. Rg4 Re6 25. Qg3 f5 26. Rg6 Qf7 27. Rxe6
Qxe6 28. Nd4 Qd7 29. Qg6 Rc1 30. Rxc1 Nxc1 31. Nxf5 Ne2+ 32. Kh2 Nf4 33. Qg4 Ne6
34. Nxg7 Qxg7 35. Qxe6+ Qf7 36. Qc8+ Kh7 37. Kg1 Qe7 38. f4 a5 39. Qc2+ Kg7 40.
Qe4 b5 41. f5 Qc5+ 42. Kh2 a4 43. f6+ Kf7 44. Qh7+ Ke6 45. Qg8+ Kd7 46. e6+ 1-0

[Event "22nd European Teams"]
[Site "Batumi GEO"]
[Date "2019.10.24"]
[Round "1.5"]
[Board "4"]
[White "Haldorsen, Benjamin"]
[Black "Pashikian, Arman"]
[Result "0-1"]
[WhiteTitle "IM"]
[BlackTitle "GM"]
[WhiteElo "2440"]
[BlackElo "2599"]
[WhiteTeam "Norway"]
[BlackTeam "Armenia"]
[WhiteFideId "1512633"]
[BlackFideId "13301578"]
[EventDate "2019.10.24"]

1. e4 e5 2. Nf3 Nc6 3. Bb5 Nf6 4. O-O Nxe4 5. Re1 Nd6 6. Nxe5 Be7 7. Bf1 Nf5 8.
Nf3 d5 9. d4 O-O 10. Nc3 Bb4 11. a3 Ba5 12. b4 Bb6 13. Ne2 Re8 14. c3 Nce7 15.
a4 c6 16. a5 Bc7 17. Nf4 Nd6 18. Nd3 Ne4 19. Qb3 Ng6 20. Ng5 Bg4 21. Nxe4 dxe4
22. Nc5 Qd6 23. g3 Nh4 24. Bf4 Nf3+ 25. Kh1 Qf6 26. Rxe4 g5 27. Be3 Qh6 28. h4
Bf5 29. Bg2 Rxe4 30. Bxf3 Rxe3 31. fxe3 Bxg3 32. h5 g4 33. Bg2 Re8 34. e4 Qxh5+
35. Kg1 Qh2+ 36. Kf1 Rxe4 37. Nxe4 Bxe4 0-1

[Event "22nd European Teams"]
[Site "Batumi GEO"]
[Date "2019.10.24"]
[Round "1.6"]
[Board "1"]
[White "Vocaturo, Daniele"]
[Black "Anton Guijarro, David"]
[Result "0-1"]
[WhiteTitle "GM"]
[BlackTitle "GM"]
[WhiteElo "2620"]
[BlackElo "2674"]
[WhiteTeam "Italy"]
[BlackTeam "Spain"]
[WhiteFideId "813192"]
[BlackFideId "2285525"]
[EventDate "2019.10.24"]

1. e4 e5 2. Nf3 Nc6 3. Bc4 Bc5 4. c3 Nf6 5. d3 d6 6. O-O a5 7. Re1 O-O 8. h3 h6
9. Nbd2 Be6 10. Bb5 Qb8 11. Bxc6 bxc6 12. d4 exd4 13. cxd4 Bb6 14. b3 Re8 15.
Qc2 Bd7 16. e5 Nd5 17. Ne4 Re6 18. Ba3 Nb4 19. Qd2 Qd8 20. Re2 Rg6 21. Kh2 Nd5
22. g3 a4 23. Nh4 Re6 24. f4 axb3 25. axb3 Re8 26. f5 dxe5 27. dxe5 Rxe5 28. Bb2
Rxa1 29. Bxa1 Re8 30. f6 g5 31. Re1 Bc8 32. Nxg5 Rxe1 33. Qxe1 hxg5 34. Qe5 gxh4
35. Qg5+ Kf8 36. Qg7+ Ke8 37. Qg8+ Kd7 38. Qxf7+ Kd6 39. g4 Be6 40. Qh5 Nxf6 41.
Qe5+ Kd7 42. Qxf6 Qxf6 43. Bxf6 Bf2 44. b4 Bg3+ 45. Kg1 Bd5 0-1

[Event "22nd European Teams"]
[Site "Batumi GEO"]
[Date "2019.10.24"]
[Round "1.6"]
[Board "3"]
[White "Valsecchi, Alessio"]
[Black "Perez Candelario, Manuel"]
[Result "0-1"]
[WhiteTitle "GM"]
[BlackTitle "GM"]
[WhiteElo "2504"]
[BlackElo "2621"]
[WhiteTeam "Italy"]
[BlackTeam "Spain"]
[WhiteFideId "818860"]
[BlackFideId "2210622"]
[EventDate "2019.10.24"]

1. e4 e5 2. Nf3 Nc6 3. Bb5 a6 4. Ba4 Nf6 5. O-O Be7 6. Re1 b5 7. Bb3 d6 8. c3
O-O 9. h3 Nb8 10. d4 Nbd7 11. c4 c6 12. Nc3 b4 13. Ne2 Nxe4 14. Bc2 f5 15. Be3
Kh8 16. Qb1 Nb6 17. b3 Ng5 18. Bxg5 Bxg5 19. dxe5 dxe5 20. Nxe5 Bf6 21. Nf4 Qd6
22. Nfd3 Nd7 23. Qb2 c5 24. Rad1 Qc7 25. f4 Bb7 26. Qb1 Rad8 27. Nxd7 Bd4+ 28.
Kh2 Rxd7 29. Ne5 Re7 30. Qc1 g5 31. Re2 gxf4 32. Rxd4 cxd4 33. Qxf4 Rg8 34. g3
Be4 35. Rxe4 fxe4 36. Qf6+ Reg7 37. Bxe4 Qe7 38. Qf5 Re8 0-1

[Event "22nd European Teams"]
[Site "Batumi GEO"]
[Date "2019.10.24"]
[Round "1.6"]
[Board "4"]
[White "Salgado Lopez, Ivan"]
[Black "Sonis, Francesco"]
[Result "1-0"]
[WhiteTitle "GM"]
[BlackTitle "IM"]
[WhiteElo "2594"]
[BlackElo "2475"]
[WhiteTeam "Spain"]
[BlackTeam "Italy"]
[WhiteFideId "2257327"]
[BlackFideId "895733"]
[EventDate "2019.10.24"]

1. d4 d5 2. c4 c6 3. Nf3 Nf6 4. e3 Bg4 5. h3 Bh5 6. g4 Bg6 7. Ne5 e6 8. Bg2 Nbd7
9. Nxg6 hxg6 10. Qd3 g5 11. Nc3 Be7 12. Bd2 Qb6 13. cxd5 exd5 14. O-O-O O-O-O
15. Kb1 Kb8 16. Rhe1 Nf8 17. f4 Ne6 18. f5 Nc7 19. Na4 Qb5 20. Qc2 Bb4 21. Nc5
Bxd2 22. Rxd2 Nd7 23. Rc1 Nxc5 24. dxc5 Qa5 25. Rd3 Ne8 26. Ra3 Qc7 27. Qa4 a6
28. Bf1 Kc8 29. Rb3 Kd7 30. e4 Nf6 31. exd5 Nxd5 32. Bc4 Ke7 33. Re1+ Kf8 34.
Bxd5 Rxd5 35. Qb4 Qd8 36. Rbe3 Rd1+ 37. Kc2 Rxe1 38. Qxe1 Qd7 39. Qd2 Qxd2+ 40.
Kxd2 Rh7 41. Kc3 f6 42. Kb4 g6 43. Ka5 gxf5 44. gxf5 Rh4 45. b4 Rf4 46. Rb3 Rxf5
47. Kb6 Re5 48. Kxb7 Re6 49. Kxa6 f5 50. Kb7 f4 51. b5 Re7+ 52. Kxc6 Re3 53. b6 1-0

[Event "22nd European Teams"]
[Site "Batumi GEO"]
[Date "2019.10.24"]
[Round "1.7"]
[Board "1"]
[White "Giri, Anish"]
[Black "Macovei, Andrei"]
[Result "1/2-1/2"]
[WhiteTitle "GM"]
[BlackTitle "IM"]
[WhiteElo "2780"]
[BlackElo "2426"]
[WhiteTeam "Netherlands"]
[BlackTeam "Moldova"]
[WhiteFideId "24116068"]
[BlackFideId "13904680"]
[EventDate "2019.10.24"]

1. e4 c6 2. d4 d5 3. e5 Bf5 4. Nd2 e6 5. Nb3 Nd7 6. Nf3 c5 7. dxc5 Bxc5 8. Nxc5
Nxc5 9. Nd4 Ne7 10. Bb5+ Nd7 11. Bg5 Bg6 12. h4 h6 13. Bxe7 Qxe7 14. h5 Bh7 15.
O-O O-O 16. Bxd7 Qxd7 17. Re1 Rac8 18. Qd2 Rc4 19. Re3 Rfc8 20. c3 a6 21. a3 Kh8
22. Rae1 Be4 23. f3 Bh7 24. Kh2 b5 25. g4 a5 26. b3 R4c7 27. Kg3 Rb8 28. Ra1 Qe7
29. b4 Rc4 30. Kh3 Qg5 31. Rf1 Qe7 32. Rg1 Qg5 33. Rf1 Qe7 34. Rf2 Qd7 35. Rg2
axb4 36. axb4 Ra8 37. Rg1 Ra4 38. Rc1 Rc8 39. Re2 Rca8 40. Rg2 Ra1 41. Rxa1 Rxa1
42. Qe3 Qa7 43. Rg1 Rxg1 44. Qxg1 Bd3 45. Qc1 Qc7 46. Qe1 Qa7 47. Kg3 Qa2 48.
Qc1 Kg8 49. Qd1 Bc4 50. Qc1 Bd3 51. Qd1 Bc4 1/2-1/2

[Event "22nd European Teams"]
[Site "Batumi GEO"]
[Date "2019.10.24"]
[Round "1.7"]
[Board "2"]
[White "Schitco, Ivan"]
[Black "Van Foreest, Jorden"]
[Result "0-1"]
[WhiteTitle "IM"]
[BlackTitle "GM"]
[WhiteElo "2492"]
[BlackElo "2621"]
[WhiteTeam "Moldova"]
[BlackTeam "Netherlands"]
[WhiteFideId "13905465"]
[BlackFideId "1039784"]
[EventDate "2019.10.24"]

1. d4 Nf6 2. c4 g6 3. Nf3 Bg7 4. e3 O-O 5. Be2 d6 6. Nc3 Bf5 7. Nd2 e5 8. d5 e4
9. g4 Bc8 10. g5 Nfd7 11. Ndxe4 f5 12. gxf6 Nxf6 13. Ng3 Bh3 14. Bd2 Na6 15. Qc2
Ng4 16. Nce4 Qh4 17. Rg1 Rae8 18. O-O-O Nxf2 19. Nxf2 Rxf2 20. Be1 Rxh2 21. Nf1
Rxe2 22. Qxe2 Qe4 23. Nd2 Qxe3 24. Qxe3 Rxe3 25. Nf1 Re4 26. b3 Re2 27. Bd2 Nc5
28. Ng3 Rf2 29. Kc2 a5 30. Rde1 Be5 31. Nf1 Bf5+ 32. Kd1 Bb1 33. Rxe5 dxe5 34.
Ne3 Bxa2 35. Rg2 Bxb3+ 36. Kc1 Rxg2 0-1

[Event "22nd European Teams"]
[Site "Batumi GEO"]
[Date "2019.10.24"]
[Round "1.7"]
[Board "3"]
[White "Van den Doel, Erik"]
[Black "Svetushkin, Dmitry"]
[Result "1/2-1/2"]
[WhiteTitle "GM"]
[BlackTitle "GM"]
[WhiteElo "2603"]
[BlackElo "2534"]
[WhiteTeam "Netherlands"]
[BlackTeam "Moldova"]
[WhiteFideId "1003720"]
[BlackFideId "13900463"]
[EventDate "2019.10.24"]

1. e4 e5 2. Nf3 Nc6 3. Nc3 Nf6 4. d4 exd4 5. Nxd4 Bb4 6. Nxc6 bxc6 7. Bd3 d5 8.
exd5 cxd5 9. O-O O-O 10. Qf3 c6 11. h3 Bd6 12. Re1 Rb8 13. b3 Nd7 14. Bf4 Nc5
15. Qg3 Bxf4 16. Qxf4 Be6 17. Na4 Nxa4 18. Qxa4 Qc7 19. c4 d4 20. c5 Rfd8 21.
Rad1 a5 22. Be4 Rb5 23. Rxd4 Rxc5 24. Rxd8+ Qxd8 25. Bxc6 Qd2 26. Rf1 g6 27. Bf3
Rc2 28. Qb5 Qc3 29. Bd5 Bxd5 30. Qxd5 Rxa2 31. b4 Ra1 32. bxa5 Qxa5 33. Qxa5 1/2-1/2

[Event "22nd European Teams"]
[Site "Batumi GEO"]
[Date "2019.10.24"]
[Round "1.7"]
[Board "4"]
[White "Hamitevici, Vladimir"]
[Black "Van Foreest, Lucas"]
[Result "1/2-1/2"]
[WhiteTitle "GM"]
[BlackTitle "GM"]
[WhiteElo "2472"]
[BlackElo "2531"]
[WhiteTeam "Moldova"]
[BlackTeam "Netherlands"]
[WhiteFideId "13902393"]
[BlackFideId "1039792"]
[EventDate "2019.10.24"]

1. e4 e5 2. Nf3 Nc6 3. Bb5 Nf6 4. d3 Bc5 5. Bxc6 dxc6 6. Nbd2 Be6 7. Nb3 Bb6 8.
Nxe5 Bxb3 9. axb3 Qd4 10. Ng4 Nxg4 11. Qxg4 Qxf2+ 12. Kd1 O-O 13. Ra4 f5 14.
exf5 Qxf5 15. Re1 Qxg4+ 16. Rxg4 Bc5 17. Bf4 Bd6 18. Bxd6 cxd6 19. Re7 Rf7 20.
Rxf7 Kxf7 21. Rf4+ Ke7 22. Re4+ Kd7 23. Rf4 Ke7 24. Re4+ Kd7 25. Rf4 Ke7 1/2-1/2